000 00785cam a22002533a 4500
001 27095
003 PGUSA
005 20140828083602.0
008 081029s2008||||xxu|||||s|||||000 1 eng d
040 _aPGUSA
_beng
042 _adc
050 4 _aPZ
100 1 _aBaker, Willard F.
245 1 4 _aThe Boy Ranchers at Spur Creek; Or, Fighting the Sheep Herders
_h[electronic resource] /
_cWillard F. Baker
260 _bProject Gutenberg,
_c2008
506 _aPublic domain in the USA.
516 _aElectronic text
653 _aRanches -- Juvenile fiction
653 _aSheep ranchers -- Juvenile fiction
700 1 _aHastings, Howard L.
_q(Howard Livingston),
_d1887-
830 0 _aProject Gutenberg
_v27095
856 4 0 _uhttp://www.gutenberg.org/ebooks/27095
942 _cEB
999 _c256350
_d256350